| 000 | 00768nam a2200205Ii 4500 | ||
|---|---|---|---|
| 003 | JO-AjNU | ||
| 008 | 230605s9999||||xx |||||||||||||| ||und|| | ||
| 017 | _a1994/11/1139 | ||
| 040 |
_aJO-AjNU _bara _erda _cJO-AjNU |
||
| 041 | _aara | ||
| 050 | 1 | 4 | _aHF 5549 .12.S32 1997 |
| 100 | 3 |
_aالصباح،عبدالرحمن, _eauthor _99309 |
|
| 245 | 0 | 0 | _aمبادىء الرقابة الادارية: المعايير- التقييم - التصحيح |
| 264 | 3 | 1 | _aعمان:مؤسسة زهران للنشر والتوزيع،1997 |
| 300 |
_a320ص _bيحتوي على ببلوغرافية من 319-320ص |
||
| 336 |
_atext _btxt _2rdacontent |
||
| 337 |
_aunmediated _bn _2rdamedia |
||
| 338 |
_avolume _bnc _2rdacarrier |
||
| 650 | 4 |
_aالرقابة الادارية _99310 |
|
| 999 |
_aA1233 _c4801 _d4801 |
||